000 00567nam a2200229Ia 4500
003 OSt
005 20221005120720.0
006 a|||||r|||| 00| 0
007 ta
008 221004b |||||||| |||| 00| 0 tam d
024 _a52645
037 _cTextual
040 _aCRL
_cCRL
_btam
041 _2tam
_atam
082 _aX9J.2.N6, K2
100 _aSen Au.
_9629561
245 0 _aEvolution of aqrasian relations on India
260 _c1962
650 _aECONOMICS
942 _hX9J.2.N6, K2
_cTEXL
_2cc
999 _c1038925
_d1038925